| 000 | 00645nam a22002177a 4500 | ||
|---|---|---|---|
| 003 | OSt | ||
| 005 | 20230927131633.0 | ||
| 008 | 230927b |||||||| |||| 00| 0 eng d | ||
| 020 | _a9781483179605 | ||
| 040 | _cDDC | ||
| 082 | _aQY25 B171m 1961 | ||
| 100 |
_aBaker, F.G.; Silverston, R.E.; Luckcock, Eveline _916655 |
||
| 245 | _aAn introduction to Medical Laboratory Technology | ||
| 250 | _a2nd ed. | ||
| 260 | _aEngland; Butterworth, 1961 | ||
| 300 | _axiv,408p. ill: 22cm | ||
| 500 | _aReferences, glossary, notes, & index included | ||
| 650 |
_aMedical laboratory _916656 |
||
| 650 |
_aClinical pathology _91928 |
||
| 942 |
_2z _cO_SHELF |
||
| 999 |
_c8158 _d8158 |
||